MARC

Tag First Indicator Second Indicator Subfields
LEADER 00000cam a2200000I 4500
001 in00000048658
005 20151007073600.0
008 800610s1928 cs 000 0 cze d
035 |a (OCoLC)ocm06403571 
035 |a (OCoLC)06403571 
035 |9 AAE9979AM 
040 |a TXA  |c TXA  |d UtOrBLW 
049 |a TXAM 
090 |a HD1486.C95  |b U88 1928 
092 |a f630.62437  |b U88j 
110 2 |a Ustrední jednota hospodárských druztev v Praze. 
245 1 0 |a Jubilejni snemovani ceskeho zemedelskeho druzstevnictvi. 
264 1 |a [Prague] :  |b Nakladem Ustredni jednoty hospodarshych drustev v Praze. Tiskem rolnicke tiskarny v Praze,  |c [1928] 
300 |a 32 pages 
336 |a text  |b txt  |2 rdacontent 
337 |a unmediated  |b n  |2 rdamedia 
338 |a volume  |b nc  |2 rdacarrier 
650 0 |a Agriculture  |z Czechoslovakia. 
650 0 |a Agriculture, Cooperative  |z Czechoslovakia. 
650 0 |a Festschriften. 
710 2 |a CentraL Union of Agricultural Cooperative Societies, Prague. 
948 |a cataloged  |b h  |c 2002/2/6  |d c  |e dchroust  |f 4:25:03 pm 
994 |a E0  |b TXA 
999 |a MARS 
999 f f |s 886fbe9a-9164-32da-9e23-a399416583d7  |i 9e3d70e2-8b8a-3f07-9b8e-86ab6e7336ad  |t 0 
952 f f |p ric  |a Texas A&M University  |b Rellis Campus  |c Joint Library Facility  |d Remote Storage  |t 0  |e HD1486.C95 U88 1928  |f Oversize  |h Library of Congress classification  |i unmediated -- volume  |m A14801560000 
998 f f |a HD1486.C95 U88 1928  |t 0  |l Remote Storage